Light and heat sensing (Record no. 3800)

MARC details
000 -LEADER
fixed length control field 00724nam a2200217Ia 4500
003 - CONTROL NUMBER IDENTIFIER
control field IN-BaIIA
008 - FIXED-LENGTH DATA ELEMENTS--GENERAL INFORMATION
fixed length control field 211028s9999 xx 000 0 eng d
040 ## - CATALOGING SOURCE
Transcribing agency IIA Library
080 ## - UNIVERSAL DECIMAL CLASSIFICATION NUMBER
Universal Decimal Classification number 535.1
Item number MER
111 ## - MAIN ENTRY--MEETING NAME
Meeting name or jurisdiction name as entry element AGARD Avionics Panel Meeting
Number of part/section/meeting 6th
Location of meeting Paris
Date of meeting or treaty signing 1962
9 (RLIN) 6744
245 #0 - TITLE STATEMENT
Title Light and heat sensing
Remainder of title proceedings of sixth AGARD Avionics Panel Meeting, Paris, July, 1962
Statement of responsibility, etc. edited by Harrison J. Merrill
260 ## - PUBLICATION, DISTRIBUTION, ETC.
Place of publication, distribution, etc. Oxford
Name of publisher, distributor, etc. Pergamon Press
Date of publication, distribution, etc. 1963
300 ## - PHYSICAL DESCRIPTION
Extent xii, 457p.
490 ## - SERIES STATEMENT
Series statement AGARDograph; v. 71
650 ## - SUBJECT ADDED ENTRY--TOPICAL TERM
Topical term or geographic name entry element Electronic instruments 
9 (RLIN) 6745
650 ## - SUBJECT ADDED ENTRY--TOPICAL TERM
Topical term or geographic name entry element Heat
9 (RLIN) 2417
650 ## - SUBJECT ADDED ENTRY--TOPICAL TERM
Topical term or geographic name entry element Light
9 (RLIN) 2428
700 ## - ADDED ENTRY--PERSONAL NAME
Personal name Merrill, Harrison J., ed.
9 (RLIN) 6746
710 ## - ADDED ENTRY--CORPORATE NAME
Corporate name or jurisdiction name as entry element North Atlantic Treaty Organization
9 (RLIN) 6421
942 ## - ADDED ENTRY ELEMENTS (KOHA)
Koha item type Books
Holdings
Withdrawn status Lost status Damaged status Not for loan Home library Current library Shelving location Date acquired Cost, normal purchase price Total Checkouts Full call number Barcode Date last seen Cost, replacement price Price effective from Koha item type Purchase Price
        IIA Library-Bangalore IIA Library-Bangalore General Stacks 24/07/1971 145.80   535.1/ MER 4242 05/11/2021 145.80 24/07/1971 Books Rs. 145.80

Powered by Koha